000 00430nam a2200169Ia 4500
003 GCL
008 140319s9999 xx 000 0 eng d
040 _aGCL /
_cGCL
082 0 4 _aCH
_b843
_bJ L
100 1 _aJOST, D' ALAIN
245 1 0 _aLASSI: LA FORET EN PERIL /
_cJOST, D' ALAIN
260 _a[S.N] :
_bHEMMA ،
_c1994
650 0 4 _aLITERATURE
650 0 4 _aFRENCH FICTION
650 0 4 _aFRENCH LITERATURE
942 _2ddc
_cBK
999 _c14549
_d14549